| 000 -ლიდერი |
| ფიქსირებული სიგრძის საკონტროლო ველი |
01030nam a22002297a 4500 |
| 003 - საკონტროლო ნომრის იდენტიფიკატორი |
| საკონტროლო ველი |
Ge_BSU |
| 005 - ბოლო ოპერაციის თარიღი და დრო |
| საკონტროლო ველი |
20190911152213.0 |
| 008 - ფიქსირებული სიგრძის მონაცემთა ელემენტები - ზოგადი ინფორმაცია |
| ფიქსირებული სიგრძის საკონტროლო ველი |
190911s2006 ge ||||| |||| 00| 0 geo d |
| 041 ## - ენის კოდი |
| Language code of text/sound track or separate title |
geo |
| 080 ## - უნივერსალური ათობითი კლასიფიკაციის ინდექსი |
| Universal Decimal Classification number |
61+159.9 ნ-24 |
| 100 ## - მთავარი ჩანაწერი - პიროვნების სახელი |
| Personal name |
ნანეიშვილი, გ. |
| 9 (RLIN) |
3961 |
| 245 ## - ცნობა სათაურის შესახებ |
| Title |
სამედიცინო ფსიქოლოგიის საფუძვლები : |
| Remainder of title |
სახელმძღვანელო სამედ. ფსიქოლოგიასა და დეონტოლოგიაში / |
| Statement of responsibility, etc |
რედ.: სულუხია ს. |
| 264 ## - წარმოების, გამოცემის, დისტრიბუციის და სხვა ცნობები |
| გამოცემის, წარმოების, დისტრიბუციის... ადგილი |
თბილისი ; |
| გამოცემის, წარმოების, დისტრიბუციის... თარიღი |
2006. |
| 300 ## - ფიზიკური აღწერა |
| Extent |
148 გვ. ; |
| Other physical details |
20 სმ. |
| 500 ## - ზოგადი შენიშვნა |
| General note |
ქსეროსი |
| 504 ## - BIBLIOGRAPHY, ETC. NOTE |
| Bibliography, etc |
ბიბლ.: გვ. 145-148 |
| 653 ## - INDEX TERM--UNCONTROLLED |
| Uncontrolled term |
ფსიქოლოგია |
| 653 ## - INDEX TERM--UNCONTROLLED |
| Uncontrolled term |
დეონტოლოგია |
| 700 ## - ADDED ENTRY--PERSONAL NAME |
| Personal name |
ოკრიბელაშვილი, ნ. |
| Relator term |
ავტორი |
| 9 (RLIN) |
3962 |
| 700 ## - ADDED ENTRY--PERSONAL NAME |
| Personal name |
სულუხია, ს. |
| Relator term |
რედაქტორი |
| 9 (RLIN) |
3963 |
| 942 ## - ADDED ENTRY ELEMENTS (KOHA) |
| Source of classification or shelving scheme |
|
| Koha item type |
წიგნი |